ARRUPE JESUIT UNIVERSITY

CORONAVIRUS -STOP THE SPREAD - CLEAN,DISINFECT,COVER

The I.R.A. (Record no. 125543)

MARC details
000 -LEADER
fixed length control field 00864cam a2200301 4500
001 - CONTROL NUMBER
control field 1729970
003 - CONTROL NUMBER IDENTIFIER
control field ARRUPE
005 - DATE AND TIME OF LATEST TRANSACTION
control field 20161018122420.0
008 - FIXED-LENGTH DATA ELEMENTS--GENERAL INFORMATION
fixed length control field 730612s1970 enka b 001 0 eng
010 ## - LIBRARY OF CONGRESS CONTROL NUMBER
LC control number 73331079
015 ## - NATIONAL BIBLIOGRAPHY NUMBER
National bibliography number B***
020 ## - INTERNATIONAL STANDARD BOOK NUMBER
International Standard Book Number 0269026894
040 ## - CATALOGING SOURCE
Original cataloging agency DLC
Transcribing agency DLC
Modifying agency DLC
043 ## - GEOGRAPHIC AREA CODE
Geographic area code e-ie---
-- e-uk-ni
050 00 - LIBRARY OF CONGRESS CALL NUMBER
Classification number DA963.C63 1971
082 00 - DEWEY DECIMAL CLASSIFICATION NUMBER
Classification number 941.59
300 ## - PHYSICAL DESCRIPTION
Other physical details illus.
Dimensions 23 cm.
100 1# - MAIN ENTRY--PERSONAL NAME
Personal name Coogan, Tim Pat,
Dates associated with a name 1935-
9 (RLIN) 26853
245 14 - TITLE STATEMENT
Title The I.R.A.
Statement of responsibility, etc by Tim Pat Coogan.
260 ## - PUBLICATION, DISTRIBUTION, ETC. (IMPRINT)
Place of publication, distribution, etc London,
Name of publisher, distributor, etc Pall Mall Press,
Date of publication, distribution, etc 1971
300 ## - PHYSICAL DESCRIPTION
Extent x, 373 p.;
350 ## - PRICE (NR) (BK AM CF MU VM SE) [OBSOLETE]
Price £2.50
504 ## - BIBLIOGRAPHY, ETC. NOTE
Bibliography, etc Bibliography: p. 357-358.
610 20 - SUBJECT ADDED ENTRY--CORPORATE NAME
Corporate name or jurisdiction name as entry element Irish Republican Army
General subdivision History.
9 (RLIN) 26854
650 ## - SUBJECT ADDED ENTRY--TOPICAL TERM
Topical term or geographic name as entry element Northern Ireland
General subdivision History,
9 (RLIN) 26855
650 ## - SUBJECT ADDED ENTRY--TOPICAL TERM
Topical term or geographic name as entry element Ireland
General subdivision History,
Chronological subdivision 1922
9 (RLIN) 26856
906 ## - LOCAL DATA ELEMENT F, LDF (RLIN)
a 7
b cbc
c orignew
d 3
e ncip
f 19
g y-gencatlg
942 ## - ADDED ENTRY ELEMENTS (KOHA)
Source of classification or shelving scheme Library of Congress Classification
Koha item type Monograph ( Printed materials)
Holdings
Withdrawn status Lost status Source of classification or shelving scheme Damaged status Not for loan Collection code Home library Current library Shelving location Date acquired Total Checkouts Full call number Barcode Date last seen Price effective from Koha item type
    Library of Congress Classification     Main Collection ARRUPE LIBRARY ARRUPE LIBRARY Main Collection 18/10/2016   DA963.C63 1971 46500010757 27/10/2017 18/10/2016 Monograph ( Printed materials)

 

Arrupe Library. PO Box MP320 Mt Pleasant, Harare, Zimbabwe
263 242 745411|librarian@aju.ac.zw